000 00584 a2200205 4500
001 61921
005 20260407155911.0
008 260407a1991 arg spa d
003 AR-UNSa-BCEJYS
040 _aAR-UNSa-BCEJYS
_bspa
_cAR-UNSa-BCEJYS
080 _a659.231
_xInformación y asesoría económica
245 1 0 _aContrato de consultoria
264 1 _aBuenos Aires :
_bEdiciones Interoceánicas
_c1991
300 _a176 p.
_c19 cm.
041 _aspa
942 _cBK
590 _aniveau_biblio:m niveau_hierar:0
100 1 _aVacca, Cesare
700 1 _aKleidermacher, Arnoldo
999 _c7490
_d7490